Familly Law in a Nutshell : (Record no. 360)

MARC details
000 -LEADER
fixed length control field 00591nam a22001577a 4500
008 - FIXED-LENGTH DATA ELEMENTS--GENERAL INFORMATION
fixed length control field 110413t xxu||||| |||| 00| 0 eng d
020 ## - INTERNATIONAL STANDARD BOOK NUMBER
International Standard Book Number 0421390409
082 ## - DEWEY DECIMAL CLASSIFICATION NUMBER
Classification number 346.015 CRO
100 ## - MAIN ENTRY--PERSONAL NAME
Personal name Crowdy, Carol.
9 (RLIN) 1057
245 ## - TITLE STATEMENT
Title Familly Law in a Nutshell :
Statement of responsibility, etc Carol, Crowdy /
260 ## - PUBLICATION, DISTRIBUTION, ETC. (IMPRINT)
Place of publication, distribution, etc London :
Name of publisher, distributor, etc Sweet and Maxwell,
Date of publication, distribution, etc 1989
300 ## - PHYSICAL DESCRIPTION
Extent 117p.;
Dimensions 24 cm.
942 ## - ADDED ENTRY ELEMENTS (KOHA)
Source of classification or shelving scheme Dewey Decimal Classification
Item type Books
Holdings
Withdrawn status Lost status Source of classification or shelving scheme Damaged status Not for loan Home library Current library Shelving location Date acquired Total Checkouts Full call number Barcode Date last seen Price effective from Koha item type
    Dewey Decimal Classification     Law Development Centre Main Library Law Development Centre Main Library Text Books and Laws 04/13/2011   346.015 CRO 0708 04/13/2011 04/13/2011 Books
    Dewey Decimal Classification     Law Development Centre Main Library Law Development Centre Main Library Text Books and Laws 04/13/2011   346.015 CRO 0709 04/13/2011 04/13/2011 Books